Locura y Sociedad Segregativa /

El texto aborda la problemática del psicoanálisis y la política. Señala que es necesario rescatar al psicoanálisis del discurso edipiano y rescatar a la política de su ignorancia del inconciente Plantea que el psicoanálisis se práctica interrogando lo real fuera de texto, de la puesta entre diván y...

Descripción completa

Guardado en:
Detalles Bibliográficos
Autor principal: Verdiglione, Armando (autor)
Formato: Libro
Idioma:Español
Colección:(Argumentos ; 39)
Temas:
Etiquetas: Agrega una etiqueta
Sin etiquetas, Sé el primero en etiquetar este registro!

MARC

LEADER 00000nam^a2200000^a^4500
001 000069477
005 20250521000000.0
009 20260310091408.166
020 |a 84-339-0039-0 
037 |a Acervo ITESO - Biblioteca 
041 |a ESP 
082 |a 150. 195732  |b VER 
100 |a Verdiglione, Armando  |e (autor) 
245 1 0 |a Locura y Sociedad Segregativa /  |c A. Verdiglione... [et al.] ; tr. por Oscar Massotta. 
264 |a Barcelona, España :  |b Anagrama,  |c 1976 
300 |a 295 p. 
336 |a texto  |b txt  |2 rdacontenido 
337 |a sin mediación  |b n  |2 rdamedio 
338 |a volumen  |b nc  |2 rdasoporte 
440 1 |a (Argumentos ;  |v 39) 
500 |a Traducción de: Folia e Societa Segregativa 
520 |a El texto aborda la problemática del psicoanálisis y la política. Señala que es necesario rescatar al psicoanálisis del discurso edipiano y rescatar a la política de su ignorancia del inconciente Plantea que el psicoanálisis se práctica interrogando lo real fuera de texto, de la puesta entre diván y sillón, donde la práctica analítica pertenece al orden de los significantes del deseo. Se establece una distinción entre el discurso analítico, que es la puesta en juego del goce, y un discurso de poder, que relega el goce al estatuto de promesa. Se plantea que el deseo y la represión funcionan en una sociedad real. 
649 |a XX 
650 |a Psicología Social 
650 |a Instituciones Psicoanalíticas 
650 |a Psicoanálisis y Sociedad 
650 |a Psicoanálisis -  |x Teoría 
910 |a Fondo Armando Suárez Gómez 
920 |a Impresos - Libros 
930 |a Fondos Especiales 
905 |a 111 
901 |a 0700002467  |b IT2  |c ESP  |u 20250521 
902 |a https://opac.biblio.iteso.mx/vufind/Record/000069477